Statystyki dla Współczesne Kraje Wchodzące w Skład Historycznych Imperiów

Kliknij tutaj aby rozwiązać quiz!

Ogólne statystyki

  • Ten quiz został rozwiązany 270 razy
    (261 od ostatniego zresetowania)
  • Średni wynik to 63 z 79

Statystyki odpowiedzi

Kraje% Poprawnych
Chiny
94%
Rosja
94%
Rosja
94%
Iran
92%
Iran
92%
Hiszpania
91%
Irak
91%
Irak
91%
Ukraina
91%
Ukraina
91%
Mongolia
90%
Polska
90%
Turcja
90%
Turcja
90%
Egipt
89%
Włochy
89%
Francja
88%
Niemcy
87%
Portugalia
87%
Grecja
86%
Indie
86%
Białoruś
85%
Kazachstan
85%
Rumunia
85%
Rumunia
85%
Wielka Brytania
85%
Izrael
84%
Maroko
83%
Serbia
83%
Tadżykistan
82%
Algieria
81%
Armenia
81%
Armenia
81%
Korea Południowa
81%
Syria
81%
Syria
81%
Uzbekistan
81%
Azerbejdżan
80%
Azerbejdżan
80%
Węgry
80%
Afganistan
79%
Chorwacja
79%
Korea Północna
79%
Bułgaria
78%
Pakistan
78%
San Marino
78%
Słowenia
78%
Austria
77%
Tunezja
77%
Turkmenistan
77%
Watykan
77%
Belgia
76%
Bośnia i Hercegowina
76%
Gruzja
76%
Gruzja
76%
Andora
75%
Czarnogóra
75%
Kirgistan
75%
Kosowo
75%
Libia
75%
Szwajcaria
75%
Albania
74%
Holandia
74%
Mołdawia
72%
Mołdawia
72%
Arabia Saudyjska
71%
Macedonia Północna
71%
Liban
70%
Liechtenstein
70%
Monako
69%
Luksemburg
68%
Słowacja
67%
Cypr
65%
Jordania
64%
Wietnam
62%
Malta
61%
Laos
57%
Kuwejt
54%
Mjanma
46%

Rozkład punktacji

Percentyl według liczby udzielonych odpowiedzi

Procent ludzi z każdym wynikiem

Twoja historia wyników

Nie rozwiązałeś tego quizu od ostatniego zresetowania